000 01030cam a2200277 a 4500
001 1201417
005 20180301045417.0
008 980605s1998 wiua b 100 0 eng d
010 _a 98060385
020 _a0891188304
035 _a(OCoLC)39616935
040 _aWU
_cWU
_dDNAL
_dDLC
041 _aeng
042 _alccopycat
072 0 _aJ000
080 _a577.5727
082 0 0 _a577.5727 HUA
_221
100 _a9
101 _aMJE
245 0 0 _aSoil chemistry and ecosystem health :
_ceditor, P.M Huang ; coeditors, D.C. Adriano, T.J. Logan, R.T. Checkai.
504 _aIncludes bibliographical references.
906 _a7
_bcbc
_ccopycat
_d2
_eopcn
_f19
_gy-gencatlg
942 _2ddc
_cBK
999 _c43802
_d43802